=LDR 00000nam 2200000 4500 =001 INLIS000000001052413 =005 20240829085341 =035 ##$$a 0010-0824000231 =007 ta =008 240829################a##########1###### =020 ##$$a 978--89-6509-648-1 =082 ##$$a 028.55 =084 ##$$a 028.55 GRI s =100 #$$a Grim Hyewon =245 1#$$a Siapa yang datang berkunjung? /$c Grim Hyewon =260 ##$$a Tongkeun World :$b Gyeonggi-do =300 ##$$a 27 hlm : $b ilus ; $c 22,3 x 25 cm =650 #4$$a Bacaan Kanak-kanak =990 ##$$a 17971797